00946fam a2200265 a 45000010008000000030012000080050017000200080041000370100017000780200015000950350020001100350023001300350017001530400022001700500021001920820020002131000024002332450065002572600053003223000035003754900089004105040060004996500031005598300090005901175447NUST - PNEC20170116181108.0900402s1991 njua b 001 0 eng  a 90035448  a0132490382 a(OCoLC)21407339 a(OCoLC)ocm21407339 a(NNC)1175447 aDLCcLIBRARYdDLC00aTP255b.P74 199100a660.297 PRE2201 aPrentice, Geoffrey.10aElectrochemical engineering principles /cGeoffrey Prentice. aEnglewood Cliffs, N.J. :bPrentice Hall,cc1991. axxii, 296 p. :bill. ;c24 cm.1 aPrentice-Hall international series in the physical and chemical engineering sciences aIncludes bibliographical references (p. 267) and index. bElectrical engineeringxEE 0aPrentice-Hall international series in the physical and chemical engineering sciences.